00437cam a2200181ua 45000010005000000080039000050200018000440400009000620410008000710820008000791000029000872450041001162500009001572600033001663000010001996530029002096530017002388321150128n ii |||gr||||Z||||||asm a9788120288157 cMAIN aasm a323 aHatibaruah, D.,eAuthor.1 aManob adhikarcBy Diganta Hatibaruah a1st. aGuwahati:bSaraswati,c2009. a357p. aCivil & political rights aHuman rights